| 000 | 03434nam a22006497a 4500 | ||
|---|---|---|---|
| 001 | 000043424 | ||
| 003 | CHAP | ||
| 005 | 20220817042351.0 | ||
| 008 | 971013s1977 r 00010 d | ||
| 010 | _a42366 | ||
| 011 | _a43338 | ||
| 035 | _a47474 | ||
| 040 | _cCHAP | ||
| 082 |
_a551.5 _bM47Y |
||
| 110 |
_aMéxico. Dirección General de Geografía y Meteorología _976996 |
||
| 245 | 0 | _aCompendio de apuntes para la formación del personal meteorológico de la clase IV. | |
| 260 |
_aMéxico, D.F. : _bLa Dirección, _c1977. |
||
| 300 |
_av. : _b: ilus. ; gráfs. |
||
| 505 | _aContenido: v.1 Ciencias de la tierra, por William Prescott Lowry.- v.2 Climatología.- v.3 Meteorología | ||
| 590 |
_aBATCH-UPD _b10 _c20130110 _lUCH01 _h1351 |
||
| 590 |
_aBATCH-UPD _b10 _c20130410 _lUCH01 _h0847 |
||
| 590 |
_aBATCH-UPD _b10 _c20130914 _lUCH01 _h0949 |
||
| 590 |
_aCONVERSION _b10 _c20130109 _lUCH01 _h1323 |
||
| 590 |
_aE11695DGD _b10 _c20131023 _lUCH01 _h1241 |
||
| 650 | 1 | 4 |
_aClimatología. _923864 |
| 650 | 1 | 4 |
_aGeografía física. _947590 |
| 650 | 1 | 4 | _aMeteorología. |
| 650 | 1 | 4 |
_aTierra. _9113060 |
| 700 | 0 |
_aLowry, William Prescott. _968684 |
|
| 901 | _aBK | ||
| 942 | _cLIBRO | ||
| 942 | _n0 | ||
| 949 |
_a551.5 M47Y _bBC _cLIBRO _d-107868 _eLIBRO _fv.3 c.6 _h38046 _i47474 _mD _si |
||
| 949 |
_a551.5 M47Y _bBC _cLIBRO _d33724000372397 _eLIBRO _fv.3 c.13 _h41365 _i47474 _mD _si |
||
| 949 |
_a551.5 M47Y _bBC _cLIBRO _d33724000372736 _eLIBRO _fv.3 c.10 _h41362 _i47474 _mD _si |
||
| 949 |
_a551.5 M47Y _bBC _cLIBRO _d33724000372769 _eLIBRO _fv.3 c.8 _h41360 _i47474 _mD _si |
||
| 949 |
_a551.5 M47Y _bBC _cLIBRO _d33724000372850 _eLIBRO _fv.2 c.3 _h35144 _i47474 _mD _si |
||
| 949 |
_a551.5 M47Y _bBC _cLIBRO _d33724000372868 _eLIBRO _fv.2 _h35148 _i47474 _mD _sb |
||
| 949 |
_a551.5 M47Y _bBC _cLIBRO _d33724000372876 _eLIBRO _fv.2 c.2 _h35140 _i47474 _si |
||
| 949 |
_a551.5 M47Y _bBC _cLIBRO _d33724000372884 _eLIBRO _fv.2 c.7 _h65982 _i47474 _si |
||
| 949 |
_a551.5 M47Y _bBC _cLIBRO _d33724000372900 _eLIBRO _fv.2 c.4 _h35195 _i47474 _mD _si |
||
| 949 |
_a551.5 M47Y _bBC _cLIBRO _d33724000372918 _eLIBRO _fv.1 c.2 _h35138 _i47474 _mD _si |
||
| 949 |
_a551.5 M47Y _bBC _cLIBRO _d33724000581922 _eLIBRO _fv.3 c.11 _h41363 _i47474 _mD _si |
||
| 949 |
_a551.5 M47Y _bBC _cLIBRO _d33724000767273 _eLIBRO _fv.3 c.9 Sust. _h41361 _i47474 _mPerdido y sustituŁdo por : Castro Zavala, RaĐl / IntroducciØn a la meteorologŁa / 551.5 C38 c.6 _si |
||
| 949 |
_a551.5 M47Y _bBC _cLIBRO _d33724000801817 _eLIBRO _fv.2 c.6 _h37492 _i47474 _si |
||
| 949 |
_a551.5 M47Y _bBC _cLIBRO _d33724000801874 _eLIBRO _fv.3 c.3 _h38031 _i47474 _si |
||
| 949 |
_a551.5 M47Y _bBC _cLIBRO _d33724000802120 _eLIBRO _fv.3 c.12 _h41364 _i47474 _mD _sb |
||
| 949 |
_a551.5 M47Y _bBC _cLIBRO _d33724000807228 _eLIBRO _fv.3 c.7 _h41359 _i47474 _mD _si |
||
| 949 |
_a551.5 M47Y _bBC _cLIBRO _d33724000807889 _eLIBRO _fv.3 c.2 _h38030 _i47474 _mD _si |
||
| 949 |
_a551.5 M47Y _bBC _cLIBRO _d33724000917985 _eLIBRO _fv.3 c.14 _h43851 _i47474 _mD _si |
||
| 949 |
_a551.5 M47Y _bBC _cLIBRO _d33724002061025 _eLIBRO _fv.1 c.4 _gDonaciØn _h35143 _i47474 _si |
||
| 949 |
_a551.5 M47Y _bBC _cLIBRO _d33724002061181 _eLIBRO _fv.1 _h35137 _i47474 _mD _si |
||
| 949 |
_a551.5 M47Y _bBC _cLIBRO _d33724002061223 _eLIBRO _fv.1 c.7 _h37491 _i47474 _si |
||
| 949 |
_a551.5 M47Y _bBC _cLIBRO _d33724002061264 _eLIBRO _fv.1 c.5 _h35141 _i47474 _mD _si |
||
| 949 |
_a551.5 M47Y _bBC _cLIBRO _d33724002207850 _eLIBRO _fv.1 c.6 _h69863 _i47474 _si |
||
| 949 |
_a551.5 M47Y _bBC _cMUT _d-107866 _eMUT _fv.3 _h38029 _i47474 _mD _si |
||
| 999 |
_c42366 _d42366 |
||